Statistiken für Zahlen in Primfaktoren zerlegen bis 100

Klicken Sie hier um das Quiz zu spielen!

Allgemein

  • Dieses Quiz wurde 202 mal gespielt
  • Das Durchschnittsergebnis liegt bei 49 aus 99

Antwortstatistiken

HintAntwort% Korrekt
22
98%
33
98%
55
96%
77
91%
1111
88%
62*3
88%
2323
88%
42*2
86%
102*5
82%
93*3
82%
1313
79%
142*7
79%
1717
77%
2929
74%
1919
72%
153*5
72%
213*7
72%
3737
72%
3131
70%
5353
68%
355*7
68%
82*2*2
65%
4141
65%
4343
63%
255*5
63%
462*23
61%
122*2*3
61%
4747
61%
497*7
61%
162*2*2*2
60%
273*3*3
58%
202*2*5
56%
222*11
54%
182*3*3
54%
7171
54%
262*13
53%
322*2*2*2*2
53%
282*2*7
53%
302*3*5
53%
5959
53%
6161
53%
6767
53%
922*2*23
51%
242*2*2*3
51%
333*11
51%
402*2*2*5
49%
393*13
49%
453*3*5
49%
342*17
47%
742*37
47%
422*3*7
47%
382*19
46%
362*2*3*3
46%
7373
46%
442*2*11
44%
642*2*2*2*2*2
44%
582*29
44%
502*5*5
44%
813*3*3*3
44%
602*2*3*5
42%
513*17
42%
555*11
42%
7979
42%
8383
42%
482*2*2*2*3
40%
522*2*13
39%
542*3*3*3
39%
633*3*7
39%
8989
39%
562*2*2*7
37%
622*31
37%
573*19
35%
9797
35%
802*2*2*2*5
33%
902*3*3*5
30%
702*5*7
30%
693*23
30%
777*11
30%
722*2*2*3*3
28%
662*3*11
28%
753*5*5
28%
655*13
28%
682*2*17
26%
933*31
26%
762*2*19
25%
882*2*2*11
25%
822*41
23%
855*17
23%
782*3*13
21%
962*2*2*2*2*3
19%
1002*2*5*5
19%
982*7*7
19%
993*3*11
19%
842*2*3*7
18%
873*29
18%
862*43
16%
917*13
16%
955*19
14%
942*47
12%

Verteilung der Resultate

Perzentil nach korrekt beantworteten Fragen

Anzahl Personen mit jedem Resultat

Ihre Resultats-Entwicklung

Sie haben dieses Quiz noch nicht gespielt